El Salvador: towards a new social contract?

Gespeichert in:
Bibliographische Detailangaben
1. Verfasser: Robinson, Linda
Format: Text
Veröffentlicht: San José: Centro de Investigación y Adiestramiento Político Administrativo
Tags: Tag hinzufügen
Keine Tags, Fügen Sie den ersten Tag hinzu!

MARC

LEADER 00000 a a2200000 04500
001 24798
003
040
090 |a 177400  
100 |a Robinson, Linda  
245 |a El Salvador: towards a new social contract?  
260 |a San José:   |b Centro de Investigación y Adiestramiento Político Administrativo  
300 |a 28 p.  
999 |c 9107  |d 9107